Chansons françaises par paroles commençant par T - Statistiques

Statistiques générales
  • Ce quiz a été pris 128 fois
  • Le résultat moyen est 9 sur 20
Statistiques - réponses
Hint Réponse % Correct
Je cherche notre trait d’union Tu l’as jeté à la mer Pour donner à bouffer aux poissons À nos poisons d’avril Nous deux c’est pire qu’la mer à boire Ne te découvre pas d’un fil Tu rendrais amoureux ton miroir Ta marinière
84%
Le vent souffle sur les plaines, de la Bretagne armoricaine Je jette un dernier regard sur ma femme, mon fils et mon domaine Akim, le fils du forgeron, est venu me chercher Les druides ont décidé, de mener le combat dans la vallée Là où tous nos ancêtres, de géants guerriers celtes Après de grandes batailles, se sont imposés en maîtres La {tribu de Dana}
77%
Il est toujours prêt pour tenter l'aventure Avec ses bons copains Il n'a peur de rien, c'est un Américain Il aime l'école surtout quand elle est loin ________, c'est l'Amérique Le symbole de la liberté Il est né sur les bords du fleuve Mississippi Tom Sawyer
69%
Je me raccroche à la vie Je me saoule avec le bruit Des corps qui m'entourent Comme des lianes nouées de tresses Sans comprendre la détresse Des mots que j'envoie Tous les cris les S.O.S.
69%
À deux à mille je sais qu'on est capables Tout est possible, tout est réalisable On peut s'enfuir bien plus haut que nos rêves On peut partir bien plus loin que la grève Toi + moi
65%
Écoute maman est près de toi Il faut lui dire maman C'est quelqu'un pour toi Ah c'est l'monsieur d'la dernière fois Bon j'vais la chercher J'crois qu'elle est dans son bain Et j'sais pas si elle va pouvoir venir Le {téléphone pleure}
63%
N’existe pas sans son contraire qui lui semble facile à trouver Le bonheur n’existe que pour plaire, je le veux Enfin, je commence à douter d’en avoir vraiment rêvé Est-ce une envie? Parfois, j’me sens obligée Le spleen n’est plus à la mode, c’est pas compliqué d’être heureux Tout oublier
57%
Nuit tu me fais peur Nuit tu n'en finis pas Comme un voleur Il est parti sans moi On n'ira plus au ciné tous les trois T'en va pas
56%
Près d’ici ou là-bas Sans règles dignes et sans foi Quand tu veux on y va Toutes les couleurs du ciel Plein de bouteilles Du rhum du vin du miel Quand tu veux on y va Toi et moi
51%
Puisque l'avenir vous appartient Puisqu'on n'contrôle pas votre destin Que votre envol est pour demain Comme tout c'qu'on a à vous offrir Ne saurait toujours vous suffire Dans cette liberté à venir Tout le bonheur du monde
49%
On s'est connus on s'est reconnus On s'est perdus d'vue On s'est r'perdus d'vue On s'est retrouvés on s'est réchauffés Puis on s'est séparés Le {tourbillon}
48%
On peut vivre sans la gloire Qui ne prouve rien Être inconnu dans l'Histoire Et s'en trouver bien Mais vivre sans ________ Il n'en est pas question Non, non, non, non Il n'en est pas question La {tendresse}
45%
On m'dévisage On m'envisage Comme une fille que je ne suis pas Je m'exile Trop fragile Mille et une nuits m'éloignent de moi Tandem
45%
Divine candide libertine Ce soir je viens M'inviter dans ton lit Laissons dormir les maris Allons nous aimer Au nez des braves gens Tatoue-moi
35%
Toi ________ La force de ma foi Ma faiblesse et ma loi Mon insolence et mon droit Tu es mon autre
31%
________ tous ces jours tout ce temps Qui n'appartenait qu'à nous Ces réveils au matin tes bras autour de mon cou Et l'amour que l'on faisait n'importe où Tu m'oublieras
30%
C'est là qu'j'vivrai ma meilleure vie Dans cet endroit merveilleux Où il n'y a pas d'hiver Je vais en prendre plein les yeux Dans ce paradis découvert Oui je ferai des envieux Dans ce petit coin de vert Tahiti
23%
Be-bop, pieds nus sous la lune, sans foi ni toit ni fortune
Je passe mon temps à faire n'importe quoi
Sur les pistes, noires de préférence
Quand le démon de la danse me prend le corps, je fais n'importe quoi
Tout va bien
Tombé pour la France
12%
Sous mon regard ébloui
Par la naissance
D'une étoile dans le désert
Tombée comme un météore
Dans les poches de Balthazar, Gaspard ou Melchior
Les trois fameux rois mages
Trafiquants d'import-export
Tombé du ciel
10%
Pourquoi ces mots Si forts si chauds Qu'ils gémissaient sur ta peau Te font l'effet d'un couteau Et tu recherches dans le vague Une ombre un sourire qui soulage Une voix sans image Un refrain qui voudrait crier Toute première fois
7%
Aucun quiz correspondant
Distribution des résultats
% des personnes avec chaque résultat
Percentile par nombre de réponses
Votre historique - résultats
Vous n’avez pas pris ce quiz